=LDR 00000nam 2200000 4500 =001 INLIS000000000025362 =005 20130612123859 =008 ***********************************Ind** =035 ##$$0010-061300000025362 =041 ##$$a Ind =082 ##$$a 629.28 =090 ##$$a 629.28, War m =100 ##$$a Wardana, Enen =245 ##$$a Membuat aksesoris rambut dan busana, Enen Wardana =260 ##$$a 2003 $b Jakarta =300 ##$$a 69 hlm, ilus, 23 cm =650 ##$$a Hiasan =850 ##$$a NBPNMAT